Online Public Access Catalogue

Contemporary Oral and Maxillofacial Surgery (Record no. 11014)

MARC details
000 -LEADER
fixed length control field 00459nam a22001457a 4500
020 ## - INTERNATIONAL STANDARD BOOK NUMBER
International Standard Book Number 9780323091770
082 ## - DEWEY DECIMAL CLASSIFICATION NUMBER
Classification number 617.52
Author Mark HUP
100 ## - MAIN ENTRY--PERSONAL NAME
Author Name Hupp James R.
245 ## - TITLE STATEMENT
Title Contemporary Oral and Maxillofacial Surgery
260 ## - PUBLICATION, DISTRIBUTION, ETC.
Place of publication, distribution, etc. China
Name of publisher, distributor, etc. Elsevier
Date of publication, distribution, etc. 2008
300 ## - PHYSICAL DESCRIPTION
No of Pages 702
illustrations ill
Dimensions 27cm
440 ## - SERIES STATEMENT/ADDED ENTRY--TITLE
Title Contemporary Oral and Maxillofacial Surgery
650 ## - SUBJECT ADDED ENTRY--TOPICAL TERM
Subject Dentistry,Oral and Maxillofacial Surgery
Keywords Pinciples of surgery, Wound Repair
942 ## - ADDED ENTRY ELEMENTS (KOHA)
Source of classification or shelving scheme
Koha item type Books
952 ## - LOCATION AND ITEM INFORMATION (KOHA)
-- 2019-06-18
952 ## - LOCATION AND ITEM INFORMATION (KOHA)
-- 2019-06-18
952 ## - LOCATION AND ITEM INFORMATION (KOHA)
-- 2019-06-18
952 ## - LOCATION AND ITEM INFORMATION (KOHA)
-- 2019-06-18
952 ## - LOCATION AND ITEM INFORMATION (KOHA)
-- 2019-06-18
952 ## - LOCATION AND ITEM INFORMATION (KOHA)
-- 2019-06-18
952 ## - LOCATION AND ITEM INFORMATION (KOHA)
-- 2019-06-18
952 ## - LOCATION AND ITEM INFORMATION (KOHA)
-- 2019-06-18
952 ## - LOCATION AND ITEM INFORMATION (KOHA)
-- 2019-06-18
952 ## - LOCATION AND ITEM INFORMATION (KOHA)
-- 2019-06-18
Holdings
Item status Home library Current library Shelving location Date acquired Total Checkouts Total Renewals Full call number Barcode Date last seen Date last checked out Koha item type Checked out
  Islamabad Dental Hospital Islamabad Dental Hospital Islamabad Dental Hospital 18/06/2019 7 4 617.52 HUP D-661 01/01/2026 17/09/2025 Books  
  Islamabad Dental Hospital Islamabad Dental Hospital Islamabad Dental Hospital 18/06/2019 2   617.52 HUP D-662 09/03/2020 02/03/2020 Books  
  Islamabad Dental Hospital Islamabad Dental Hospital Islamabad Dental Hospital 18/06/2019 2 2 617.52 HUP D-663 02/06/2021 29/10/2020 Books  
  Islamabad Dental Hospital Islamabad Dental Hospital Islamabad Dental Hospital 18/06/2019 2   617.52 HUP D-664 19/10/2020 03/03/2020 Books  
  Islamabad Dental Hospital Islamabad Dental Hospital Islamabad Dental Hospital 18/06/2019 12 4 617.52 HUP D-665 30/03/2026 30/03/2026 Books  
  Islamabad Dental Hospital Islamabad Dental Hospital Islamabad Dental Hospital 18/06/2019     617.52 HUP D-666 18/06/2019   Books  
  Islamabad Dental Hospital Islamabad Dental Hospital Islamabad Dental Hospital 18/06/2019 11 5 617.52 HUP D-667 27/01/2026 21/07/2025 Books  
  Islamabad Dental Hospital Islamabad Dental Hospital Islamabad Dental Hospital 18/06/2019 3 1 617.52 HUP D-668 16/01/2026 07/07/2025 Books  
  Islamabad Dental Hospital Islamabad Dental Hospital Islamabad Dental Hospital 18/06/2019 8 3 617.52 HUP D-669 13/04/2026 13/04/2026 Books 27/04/2026
  Islamabad Dental Hospital Islamabad Dental Hospital Islamabad Dental Hospital 18/06/2019 4 1 617.52 HUP D-670 30/12/2025 10/01/2025 Books  

Copyright @ IMDC Library
Islamabad Medical and Dental College
Bhara Kahu, Islamabad

  Contact the Librarian, IMDC
  Email:: library@imdcollege.edu.pk

  OPAC Customized by
  Mazhar Hussain,
  Librarian:
  Islamabad Medical and Dental College
  Email:: library@imdcollege.edu.pk